Persépolis.

में बचाया:
ग्रंथसूची विवरण
मुख्य लेखक: Satrapi, Marjane (autora)
स्वरूप: पुस्तक
भाषा:स्पेनिश
प्रकाशित: Barcelona, España: Norma, 2015.
संस्करण:Octava edición.
श्रृंखला:Colección Nómadas,
विषय:
टैग: टैग जोड़ें
कोई टैग नहीं, इस रिकॉर्ड को टैग करने वाले पहले व्यक्ति बनें!

MARC

LEADER 00000cam a2200000 a 4500
001 UCC7335
003 CL-VaPUC
005 20250321101922.0
008 190322t20150000sp |||||||||||||||||spa|d
999 |c 446561  |d 446559 
020 |a 978-84-9847-066-6 
040 |c Pontificia Universidad Católica de Valparaíso 
082 0 4 |a 741.590955 SAT 2015 
100 0 |a Satrapi, Marjane  |e autora  |9 601905 
245 1 0 |a Persépolis. 
250 |a Octava edición. 
260 |a Barcelona, España:  |b Norma,  |c 2015. 
300 |a 366 páginas:  |b ilustraciones. 
490 |a Colección Nómadas,  |n  3. 
500 |a c.1-c.2. Instituto Arcos.08-01-2025. 
583 |a last modification  |c 20190322 14:57:00  |k Gabriela Rodríguez Cuevas 
650 0 |a Literatura islámica   |9 433595  |x Mujeres  |z Irán  
650 0 |a Cómics  |9 369534  |z Irán  
650 0 |a Novelas gráficas  |9 895252  |x Autobiografías  |z Irán 
942 |c BK  |2 ddc  |n 0 
945 |d 20190322 14:57:00  |a dcastane 
952 |0 0  |1 0  |2 ddc  |4 0  |6 741_590955000000000_SAT_2015  |7 0  |9 599404  |a BIBINC  |b BIBINC  |c GEN  |d 2025-01-16  |e Instituto Arcos  |i 5664232  |l 4  |m 1  |o 741.590955 SAT 2015  |p 5664232  |q 2025-05-13  |r 2025-05-06  |s 2025-05-06  |t 1  |w 2025-01-16  |y BK  |k IFP 
952 |0 0  |1 0  |2 ddc  |4 0  |6 741_590955000000000_SAT_2015  |7 0  |9 599405  |a BIBINC  |b BIBINC  |c GEN  |d 2025-01-16  |e Instituto Arcos  |i 5664233  |l 1  |o 741.590955 SAT 2015  |p 5664233  |r 2025-04-03  |s 2025-03-27  |t 2  |w 2025-01-16  |y BK  |k IFP